[Event "Hants Lge"]
[Site "?"]
[Date "1965.??.??"]
[Round "?"]
[White "Brameld, Arthur F"]
[Black "Vine, Leslie"]
[Result "0-1"]
[WhiteElo "2040"]
[BlackElo "1885"]
[PlyCount "85"]
[EventDate "1965.??.??"]
[EventType "simul"]
[EventRounds "2"]

1. Nf3 d5 2. g3 Nf6 3. Bg2 g6 4. O-O Bg7 5. d3 O-O 6. Bg5 h6 7. Bf4 Nbd7 8. Qc1 Kh7 9. c4 c6 10. cxd5 Nxd5 11. Bd2 f5 12. e4 fxe4 13. dxe4 N5f6 14. Nc3 e5 15. Nh4 Qe7 16. f4 exf4 17. gxf4 Ng4 18. Qe1 Bd4+ 19. Kh1 Bf2 20. Nxg6 Kxg6 21. Qe2 Qh4 22. h3 Ndf6 23. Qf3 Kh7 24. Be1 Bxe1 25. Raxe1 Nh5 26. Ne2 Rg8 27. Kg1 Ngf6 28. f5 Nxe4 29. Nf4 Nxf4 30. Qxf4 Qxf4 31. Rxf4 Nf6 32. Kh2 Bd7 33. Rd4 Rae8 34. Rg1 Re2 35. Kh1 Bxf5 36. Rf4 Be4 37. Bxe4+ Nxe4 38. Rf7+ Kh8 39. Rxg8+ Kxg8 40. Rxb7 Nf2+ 41. Kg2 Nd3+ 42. Kg3 Rxb2 43. Rxa7 0-1

[Event "Ports Lge"]
[Site "?"]
[Date "1965.??.??"]
[Round "?"]
[White "Brameld, Arthur F"]
[Black "Carter, Roy"]
[Result "1-0"]
[WhiteElo "2040"]
[BlackElo "1960"]
[PlyCount "57"]
[EventDate "1965.??.??"]
[EventType "swiss"]

1. Nc3 d5 2. e4 d4 3. Nce2 e5 4. Ng3 Bd6 5. Bc4 Nf6 6. d3 O-O 7. N1e2 Be6 8. Bb3 Nbd7 9. O-O Nc5 10. h3 Nxb3 11. axb3 Qd7 12. Qe1 c5 13. f4 exf4 14. Bxf4 Bxf4 15. Rxf4 Rfc8 16. Qf2 Rc6 17. Rxf6 gxf6 18. Nh5 Bxh3 19. Nxf6+ Rxf6 20. Qxf6 Bg4 21. Nf4 Re8 22. Rxa7 h5 23. Nd5 Kh7 24. Qg5 Re6 25. Nf6+ Rxf6 26. Qxf6 Qc7 27. Ra8 Bc8 28. Qg5 Bg4 29. Rg8 1-0

[Event "NatClub"]
[Site "?"]
[Date "1966.??.??"]
[Round "?"]
[White "Brameld, Arthur F"]
[Black "Bamford, A."]
[Result "0-1"]
[WhiteElo "2040"]
[BlackElo "2180"]
[PlyCount "64"]
[EventDate "1966.??.??"]
[EventType "game"]

1. Nc3 e5 2. Nf3 Nc6 3. d4 exd4 4. Nxd4 d6 5. e4 Nf6 6. Be2 Be7 7. Be3 Bd7 8. h3 Nxd4 9. Bxd4 Bc6 10. Bf3 O-O 11. O-O Re8 12. b4 a6 13. a4 d5 14. exd5 Nxd5 15. Bxd5 Bxd5 16. Qg4 Bf8 17. Rad1 Be6 18. Qg3 Qd6 19. Be5 Qc6 20. b5 axb5 21. axb5 Qc5 22. Ne4 Qxc2 23. Nf6+ Kh8 24. Nxe8 Rxe8 25. Bxc7 Bc4 26. Rc1 Qe2 27. b6 Bb4 28. Rfd1 Ba6 29. Rd8 Bd2 30. Qd3 Bxd3 31. Ra1 Rxd8 32. Bxd8 h6 0-1

[Event "Ports Lge"]
[Site "?"]
[Date "1966.??.??"]
[Round "?"]
[White "Brameld, Arthur F"]
[Black "Keeley, S."]
[Result "1/2-1/2"]
[WhiteElo "2040"]
[BlackElo "1800"]
[PlyCount "47"]
[EventDate "1966.??.??"]
[EventType "swiss"]

1. Nc3 d5 2. e4 d4 3. Nce2 c5 4. Ng3 Nc6 5. a4 Nf6 6. Bc4 Na5 7. Bb5+ Bd7 8. e5 Bxb5 9. axb5 Nd5 10. e6 b6 11. Nf3 fxe6 12. Ne5 g6 13. Qf3 Nf6 14. Ne4 Bh6 15. Ng4 Nxg4 16. Qxg4 Qd5 17. O-O Qf5 18. Qxf5 exf5 19. Nxc5 O-O 20. Ne6 Rfc8 21. Nxd4 e5 22. Nf3 Rxc2 23. Nxe5 Nb3 24. Rb1 1/2-1/2

[Event "GospCh"]
[Site "?"]
[Date "1966.??.??"]
[Round "?"]
[White "Brameld, Arthur F"]
[Black "Phillips, P."]
[Result "1-0"]
[WhiteElo "2040"]
[BlackElo "2680"]
[PlyCount "49"]
[EventDate "1966.??.??"]
[EventType "simul"]
[EventRounds "2"]

1. e4 e5 2. Nf3 Nc6 3. Nc3 Nd4 4. Nxe5 Bd6 5. Nc4 b5 6. Nxd6+ cxd6 7. Nxb5 Qb6 8. Nxd4 Qxd4 9. d3 Nf6 10. c3 Qe5 11. g3 d5 12. f4 Qe7 13. e5 Bb7 14. d4 O-O 15. Bg2 d6 16. O-O Nd7 17. b3 a5 18. Ba3 Nxe5 19. fxe5 Qe6 20. Bxd6 Rfd8 21. Qh5 Kh8 22. Bh3 Qe8 23. Bf5 Ba6 24. Rf4 Kg8 25. Qxh7# 1-0

[Event "GospCh"]
[Site "?"]
[Date "1966.??.??"]
[Round "?"]
[White "Saverymuttu, Seth"]
[Black "Brameld, Arthur F"]
[Result "1/2-1/2"]
[WhiteElo "2080"]
[BlackElo "2040"]
[PlyCount "73"]
[EventDate "1966.??.??"]
[EventType "simul"]
[EventRounds "2"]

1. d4 d5 2. Nc3 Nf6 3. Bf4 c6 4. e3 e6 5. Nf3 Bb4 6. a3 Bxc3+ 7. bxc3 Qa5 8. Qd3 Ne4 9. Be2 Qxc3+ 10. Qxc3 Nxc3 11. Bd3 Nd7 12. Nd2 Na4 13. c4 dxc4 14. Nxc4 Nab6 15. Nd6+ Ke7 16. e4 Nf6 17. a4 Nh5 18. Nxc8+ Rhxc8 19. Bg5+ f6 20. Be3 g6 21. g4 Ng7 22. h4 Kf7 23. h5 Nd7 24. hxg6+ hxg6 25. f4 a6 26. f5 gxf5 27. exf5 Rh8 28. Ke2 b5 29. Rxh8 Rxh8 30. axb5 axb5 31. Ra7 Ke7 32. d5 Rh2+ 33. Kf1 exd5 34. Bc5+ Ke8 35. Ra8+ Kf7 36. Ra7 Ke8 37. Ra8+ 1/2-1/2

[Event "Hants Lge"]
[Site "?"]
[Date "1966.??.??"]
[Round "?"]
[White "Holland, R."]
[Black "Brameld, Arthur F"]
[Result "1/2-1/2"]
[WhiteElo "1840"]
[BlackElo "2040"]
[PlyCount "46"]
[EventDate "1966.??.??"]
[EventType "simul"]
[EventRounds "4"]

1. d4 d5 2. c4 e5 3. dxe5 d4 4. Nf3 Nc6 5. g3 Bg4 6. Bg2 Bb4+ 7. Bd2 Qe7 8. O-O Bxd2 9. Nbxd2 O-O-O 10. Qb3 f6 11. exf6 Nxf6 12. e3 dxe3 13. Qxe3 Qxe3 14. fxe3 Rd3 15. Rfe1 Rhd8 16. h3 Bh5 17. Nf1 h6 18. g4 Bg6 19. Nh4 Be4 20. Nf5 Bxg2 21. Kxg2 R8d7 22. e4 Ne5 23. b3 Ng6 1/2-1/2

[Event "Match"]
[Site "?"]
[Date "1966.??.??"]
[Round "1"]
[White "Dymond, Mike J"]
[Black "Brameld, Arthur F"]
[Result "1/2-1/2"]
[WhiteElo "2120"]
[BlackElo "2040"]
[PlyCount "44"]
[EventDate "1966.??.??"]
[EventType "match"]
[EventRounds "4"]

1. e4 e5 2. d4 exd4 3. c3 d5 4. exd5 Qxd5 5. cxd4 Nc6 6. Nf3 Bg4 7. Be2 Rd8 8. O-O Nf6 9. Nc3 Qf5 10. Qa4 Bd6 11. d5 b5 12. Qxb5 Qh5 13. Qxc6+ Kf8 14. Nb5 Bxf3 15. Nxd6 Bxe2 16. Qxc7 Rd7 17. Qc5 Qxd5 18. Qxd5 Nxd5 19. Re1 Rxd6 20. Rxe2 f6 21. Be3 Nxe3 22. Rxe3 Kf7 1/2-1/2

[Event "Ports Lge"]
[Site "?"]
[Date "1966.??.??"]
[Round "?"]
[White "Hollington, Terry"]
[Black "Brameld, Arthur F"]
[Result "0-1"]
[WhiteElo "1885"]
[BlackElo "2040"]
[PlyCount "46"]
[EventDate "1966.??.??"]
[EventType "swiss"]

1. e4 e6 2. d4 d5 3. Nc3 Nf6 4. e5 Nfd7 5. f4 c5 6. Nf3 Nc6 7. Ne2 cxd4 8. Nfxd4 Qb6 9. c3 a5 10. a4 Bc5 11. b3 O-O 12. Ba3 Nxd4 13. Nxd4 Bxa3 14. Rxa3 f6 15. Bb5 fxe5 16. fxe5 Nxe5 17. Qe2 Qc5 18. Ra2 Qxc3+ 19. Rd2 Qc1+ 20. Rd1 Qf4 21. g3 Nf3+ 22. Qxf3 Qxf3 23. Nxf3 Rxf3 0-1

[Event "Hants Lge"]
[Site "?"]
[Date "1966.??.??"]
[Round "?"]
[White "Pike, A."]
[Black "Brameld, Arthur F"]
[Result "1-0"]
[WhiteElo "1975"]
[BlackElo "2040"]
[PlyCount "53"]
[EventDate "1966.??.??"]
[EventType "simul"]
[EventRounds "4"]

1. d4 d5 2. c4 c6 3. Nf3 Nf6 4. Nc3 e6 5. Bg5 dxc4 6. a4 Bb4 7. Qc2 Qa5 8. Bxf6 gxf6 9. Nd2 Bxc3 10. bxc3 b5 11. g3 Qb6 12. Bg2 Bb7 13. O-O a6 14. Rfb1 Qc7 15. Qb2 Ra7 16. Qb4 Qe7 17. Qa5 O-O 18. Qb6 Ba8 19. axb5 cxb5 20. Rxb5 Nc6 21. Rxa6 Rb8 22. Rxa7 Rxb6 23. Rxe7 Rxb5 24. Re8+ Kg7 25. Rxa8 Nxd4 26. cxd4 c3 27. Ra2 1-0

[Event "Match"]
[Site "?"]
[Date "1966.??.??"]
[Round "2"]
[White "Brameld, Arthur F"]
[Black "Dymond, Mike J"]
[Result "1-0"]
[WhiteElo "2040"]
[BlackElo "2120"]
[PlyCount "37"]
[EventDate "1966.??.??"]
[EventType "match"]
[EventRounds "4"]

1. d4 e6 2. c4 Bb4+ 3. Nc3 f5 4. g3 Nf6 5. Bg2 O-O 6. Nh3 d6 7. Bd2 e5 8. a3 Bxc3 9. Bxc3 Ne4 10. Qc2 Nc6 11. d5 Ne7 12. Bxe4 fxe4 13. Ng5 Nxd5 14. Nxh7 Kxh7 15. Qxe4+ Bf5 16. Qxd5 Qf6 17. f3 c6 18. Qd2 b5 19. O-O-O 1-0

[Event "Ports Lge"]
[Site "?"]
[Date "1966.??.??"]
[Round "?"]
[White "Brameld, Arthur F"]
[Black "Pratten, Wilf"]
[Result "0-1"]
[WhiteElo "2040"]
[BlackElo "2200"]
[PlyCount "70"]
[EventDate "1966.??.??"]
[EventType "swiss"]

1. d4 Nf6 2. c4 g6 3. Nc3 d5 4. Nf3 Bg7 5. Bf4 O-O 6. Rc1 c6 7. cxd5 Nxd5 8. Nxd5 Qxd5 9. b3 Na6 10. e3 Bg4 11. Bxa6 Qa5+ 12. Qd2 Qxa6 13. Qe2 Qa5+ 14. Qd2 Qxd2+ 15. Nxd2 Rad8 16. f3 Bf5 17. Ke2 f6 18. g4 e5 19. Bg3 Be6 20. dxe5 fxe5 21. Rhd1 Bd5 22. e4 Be6 23. Nc4 Bxc4+ 24. Rxc4 Rxd1 25. Kxd1 Rxf3 26. Rc5 Re3 27. Bxe5 Rxe4 28. Bxg7 Kxg7 29. g5 Rd4+ 30. Ke2 Rd5 31. Rxd5 cxd5 32. Kd3 Kf7 33. Kd4 Ke6 34. b4 Kd6 35. a4 b6 0-1

[Event "Ports Lge"]
[Site "?"]
[Date "1966.??.??"]
[Round "?"]
[White "Barrett, J."]
[Black "Brameld, Arthur F"]
[Result "0-1"]
[WhiteElo "1720"]
[BlackElo "2040"]
[PlyCount "54"]
[EventDate "1966.??.??"]
[EventType "swiss"]

1. e4 c5 2. Bc4 Nc6 3. Qh5 e6 4. Nc3 Nf6 5. Qe2 Nd4 6. Qd1 d5 7. exd5 exd5 8. Be2 Bf5 9. d3 b5 10. Nf3 Ne6 11. Bd2 a6 12. a3 Rc8 13. O-O Bd6 14. b3 O-O 15. h3 d4 16. Na2 Nd5 17. c3 Ndf4 18. Bxf4 Nxf4 19. Re1 Qf6 20. c4 Qg6 21. Nh4 Qg5 22. Bg4 Bxg4 23. Qxg4 Qxg4 24. hxg4 Nxd3 25. Re4 Rfe8 26. Rxe8+ Rxe8 27. Nc1 Re1# 0-1

[Event "IntCommCen"]
[Site "?"]
[Date "1966.??.??"]
[Round "?"]
[White "Wilkins, N."]
[Black "Brameld, Arthur F"]
[Result "0-1"]
[WhiteElo "2680"]
[BlackElo "2040"]
[PlyCount "58"]
[EventDate "1966.??.??"]
[EventType "simul"]
[EventRounds "2"]

1. d4 g6 2. c4 Bg7 3. Nc3 d6 4. e3 Nd7 5. Bd3 c6 6. Qc2 e5 7. Nge2 f5 8. f3 Ne7 9. Bd2 Rb8 10. g4 O-O 11. gxf5 Nxf5 12. d5 Qh4+ 13. Kd1 Nc5 14. b4 Nxd3 15. Qxd3 Kh8 16. Kc2 cxd5 17. Qxd5 Qe7 18. Ne4 Be6 19. Qd3 Bxc4 20. Qxc4 Rfc8 21. Nc5 dxc5 22. b5 Nd6 23. Qb3 e4 24. Raf1 exf3 25. Ng3 Ne4 26. Rxf3 Nxg3 27. Rf7 c4 28. Rxe7 cxb3+ 29. Kxb3 Nxh1 0-1

[Event "Ports Lge"]
[Site "?"]
[Date "1966.??.??"]
[Round "?"]
[White "Brameld, Arthur F"]
[Black "Haddigan, T."]
[Result "1-0"]
[WhiteElo "2040"]
[BlackElo "1720"]
[PlyCount "43"]
[EventDate "1966.??.??"]
[EventType "swiss"]

1. e4 g6 2. d4 d6 3. f4 Bg7 4. Nc3 Nd7 5. Bc4 c5 6. Be3 Qa5 7. Nge2 Ngf6 8. O-O cxd4 9. Bxd4 Nc5 10. a3 Ne6 11. Bf2 Bd7 12. f5 gxf5 13. exf5 Ng5 14. Qd2 Bh6 15. Be3 Rg8 16. Ng3 Bc6 17. Rae1 Nh5 18. Qe2 Nxg3 19. hxg3 Qc7 20. Qh5 Nf3+ 21. gxf3 Rxg3+ 22. Kh2 1-0

[Event "Match"]
[Site "?"]
[Date "1966.??.??"]
[Round "3"]
[White "Dymond, Mike J"]
[Black "Brameld, Arthur F"]
[Result "0-1"]
[WhiteElo "2120"]
[BlackElo "2040"]
[PlyCount "62"]
[EventDate "1966.??.??"]
[EventType "match"]
[EventRounds "4"]

1. b4 a5 2. b5 c6 3. e3 d5 4. Nf3 Nd7 5. Bb2 f6 6. e4 e5 7. d4 dxe4 8. Nh4 g6 9. f4 exf4 10. Bc4 Nb6 11. Bxg8 Rxg8 12. Qe2 f5 13. Nf3 Be7 14. O-O exf3 15. Rxf3 Kf7 16. Rh3 Bf6 17. Rxh7+ Rg7 18. Rxg7+ Kxg7 19. c3 Qe7 20. Qf1 Qe3+ 21. Kh1 Bd7 22. Bc1 Qe6 23. Bxf4 Re8 24. Nd2 Nd5 25. Bg3 f4 26. Re1 Qf5 27. Rxe8 Bxe8 28. bxc6 Bxc6 29. Be1 Ne3 30. Qe2 Bxg2+ 31. Kg1 Bc6 0-1

[Event "Match"]
[Site "?"]
[Date "1966.??.??"]
[Round "4"]
[White "Brameld, Arthur F"]
[Black "Dymond, Mike J"]
[Result "1/2-1/2"]
[WhiteElo "2040"]
[BlackElo "2120"]
[PlyCount "61"]
[EventDate "1966.??.??"]
[EventType "match"]
[EventRounds "4"]

1. e4 e5 2. Nf3 Nc6 3. Nc3 g6 4. d4 exd4 5. Nd5 Bg7 6. Bg5 Nce7 7. Nxd4 c6 8. Nc3 h6 9. Be3 d5 10. exd5 cxd5 11. Bb5+ Bd7 12. Bxd7+ Qxd7 13. O-O Nf6 14. Qd2 h5 15. Rfe1 O-O 16. Bh6 Bxh6 17. Qxh6 Qg4 18. Rxe7 Qxd4 19. h3 Ne4 20. Qf4 Rae8 21. Rxe8 Rxe8 22. Rd1 Nxc3 23. Qxd4 Ne2+ 24. Kf1 Nxd4 25. Rxd4 Rc8 26. c3 Rc5 27. Ke2 Ra5 28. a4 Kg7 29. Rb4 Kf6 30. Rxb7 Rxa4 31. Kd3 1/2-1/2

[Event "Hants Lge"]
[Site "?"]
[Date "1966.??.??"]
[Round "?"]
[White "Hopkins, P."]
[Black "Brameld, Arthur F"]
[Result "0-1"]
[WhiteElo "1760"]
[BlackElo "2040"]
[PlyCount "44"]
[EventDate "1966.??.??"]
[EventType "simul"]
[EventRounds "4"]

1. e4 c5 2. Nf3 Nc6 3. d4 cxd4 4. Nxd4 g6 5. Bc4 Bg7 6. Be3 Nf6 7. Nc3 O-O 8. O-O d6 9. f3 a6 10. a3 Qc7 11. Rc1 Nxd4 12. Qxd4 Ng4 13. Nd5 Bxd4 14. Nxc7 Nxe3 15. Bxf7+ Kxf7 16. Nxa8 Nxf1+ 17. Kxf1 Bd7 18. Nc7 e6 19. Rd1 Be5 20. g3 d5 21. Nxd5 exd5 22. Rxd5 Ke6 0-1

[Event "Ports Lge"]
[Site "?"]
[Date "1966.??.??"]
[Round "?"]
[White "Brameld, Arthur F"]
[Black " Pointon, Anthony J"]
[Result "1/2-1/2"]
[WhiteElo "2040"]
[BlackElo "2200"]
[PlyCount "37"]
[EventDate "1966.??.??"]
[EventType "swiss"]

1. e4 c5 2. Nf3 d6 3. d4 cxd4 4. Nxd4 Nf6 5. Nc3 a6 6. Be2 e6 7. a4 Qc7 8. Be3 b6 9. f4 Bb7 10. Bf3 Nbd7 11. Nb3 Be7 12. O-O O-O 13. Qe2 Rfd8 14. Rfd1 Rac8 15. Rd2 Nc5 16. Nxc5 dxc5 17. Rad1 Rxd2 18. Rxd2 Rd8 19. Rxd8+ 1/2-1/2

[Event "Ports Lge"]
[Site "?"]
[Date "1966.??.??"]
[Round "?"]
[White "Brameld, Arthur F"]
[Black "Evans, Alan J"]
[Result "1-0"]
[WhiteElo "2030"]
[BlackElo "1800"]
[PlyCount "60"]
[EventDate "1966.??.??"]
[EventType "swiss"]

1. e4 c6 2. d4 d5 3. Nc3 dxe4 4. Nxe4 Nd7 5. Nf3 Ngf6 6. Nc3 e6 7. Bd3 Bd6 8. O-O Qc7 9. Re1 b6 10. Bg5 Ng4 11. h3 Ngf6 12. Nd2 Bb7 13. Nde4 Bb4 14. a3 Nxe4 15. Bxe4 Bd6 16. d5 e5 17. dxc6 Bxc6 18. Nb5 Bxb5 19. Bxa8 O-O 20. Bd5 Bc6 21. Qf3 Bxd5 22. Qxd5 Nc5 23. Rad1 Be7 24. Bxe7 Qxe7 25. Rxe5 Qf6 26. Qd6 Ne6 27. b3 h6 28. Rde1 Rd8 29. Qb4 Rd4 30. Qc3 Rd8 1-0

[Event "IntLge"]
[Site "?"]
[Date "1966.??.??"]
[Round "?"]
[White "Brameld, Arthur F"]
[Black "Vine, Leslie"]
[Result "1/2-1/2"]
[WhiteElo "2030"]
[BlackElo "1880"]
[PlyCount "88"]
[EventDate "1966.??.??"]
[EventType "game"]

1. e4 c5 2. Nf3 d6 3. d4 cxd4 4. Nxd4 Nf6 5. Nc3 g6 6. f4 Bg7 7. e5 dxe5 8. fxe5 Nd5 9. Bb5+ Kf8 10. e6 Nxc3 11. bxc3 Nc6 12. Bxc6 bxc6 13. Qf3 Qe8 14. Qxf7+ Qxf7 15. exf7 Bxd4 16. cxd4 Kxf7 17. O-O+ Ke8 18. Ba3 Rb8 19. Rae1 Rb7 20. Rf6 e6 21. Ref1 Rg7 22. Bc5 a6 23. R1f3 Rhg8 24. a4 Rb7 25. Rf8+ Rxf8 26. Rxf8+ Kd7 27. Rf7+ Ke8 28. Rxb7 Bxb7 29. g4 h6 30. h4 Kf7 31. Bd6 Kf6 32. Be5+ Kf7 33. Kf2 h5 34. g5 Bc8 35. Ke3 Ke7 36. Kd3 c5 37. dxc5 Bd7 38. a5 Bc6 39. Kd4 Kd7 40. Bf6 Ba4 41. c3 Kc6 42. Be7 Kd7 43. Bd6 Bc2 44. Ke5 Bf5 1/2-1/2

[Event "Ports Lge"]
[Site "?"]
[Date "1966.??.??"]
[Round "?"]
[White "Brameld, Arthur F"]
[Black "Hollington, Terry"]
[Result "1-0"]
[WhiteElo "2030"]
[BlackElo "1885"]
[PlyCount "51"]
[EventDate "1966.??.??"]
[EventType "swiss"]

1. e4 e5 2. Nf3 Nc6 3. Nc3 Bc5 4. Nxe5 Nxe5 5. d4 Bd6 6. dxe5 Bxe5 7. Bc4 d6 8. O-O Be6 9. Bxe6 fxe6 10. Qg4 Qd7 11. Ne2 Nf6 12. Qh4 d5 13. f4 Bd6 14. exd5 Bc5+ 15. Kh1 exd5 16. f5 O-O-O 17. b4 Bb6 18. Nd4 Ne4 19. Ne6 Qb5 20. Bf4 Rde8 21. c4 Qxc4 22. Rac1 Qe2 23. Bxc7 Rxe6 24. fxe6 Bxc7 25. Qe7 Nc3 26. Rf8+ 1-0

[Event "Ports Lge"]
[Site "?"]
[Date "1966.??.??"]
[Round "?"]
[White "Brameld, Arthur F"]
[Black "Ryder, I."]
[Result "1/2-1/2"]
[WhiteElo "2030"]
[BlackElo "1640"]
[PlyCount "60"]
[EventDate "1966.??.??"]
[EventType "swiss"]

1. e4 e5 2. Nf3 Nc6 3. Nc3 Nf6 4. d4 exd4 5. Nd5 Nxd5 6. exd5 Bb4+ 7. Bd2 Qe7+ 8. Be2 d3 9. dxc6 dxe2 10. cxd7+ Bxd7 11. Qxe2 Qxe2+ 12. Kxe2 Bd6 13. Rae1 f6 14. Kd1+ Kf7 15. Re3 Rhe8 16. Rhe1 Rxe3 17. Rxe3 Re8 18. Rxe8 Kxe8 19. h3 Kf7 20. Be3 a6 21. Nd2 b5 22. Ne4 Be5 23. Nc5 Bc6 24. f3 Bxb2 25. Nxa6 Be5 26. Nb4 Bd7 27. Nd3 Bd6 28. Bf4 Ba3 29. Bxc7 Be6 30. Bb6 Bxa2 1/2-1/2

[Event "HantsCh"]
[Site "?"]
[Date "1966.??.??"]
[Round "1"]
[White "Townsend, S."]
[Black "Brameld, Arthur F"]
[Result "0-1"]
[WhiteElo "1840"]
[BlackElo "2030"]
[PlyCount "70"]
[EventDate "1966.??.??"]
[EventType "simul"]
[EventRounds "9"]

1. e4 c5 2. Nf3 Nc6 3. d4 cxd4 4. Nxd4 g6 5. Nxc6 bxc6 6. Qd4 f6 7. Bc4 e6 8. O-O Bg7 9. Bb3 Ne7 10. Rd1 d5 11. Qc5 f5 12. exf5 gxf5 13. c3 O-O 14. Bg5 Rf7 15. Nd2 Qe8 16. Nf3 Ng6 17. Nh4 Nf8 18. Qe3 e5 19. Nf3 f4 20. Qd2 h6 21. Bh4 Ng6 22. c4 d4 23. Bc2 Bf5 24. Bxf5 Rxf5 25. Qc2 e4 26. Re1 d3 27. Qa4 d2 28. Nxd2 Nxh4 29. Rxe4 Qg6 30. g3 Rd8 31. Nf1 Nf3+ 32. Kg2 Nd2 33. Nxd2 Rxd2 34. Rd1 Ra5 35. Rxd2 Rxa4 0-1

[Event "HantsCh"]
[Site "?"]
[Date "1966.??.??"]
[Round "2"]
[White "Brameld, Arthur F"]
[Black "Dymond, Mike J"]
[Result "1/2-1/2"]
[WhiteElo "2030"]
[BlackElo "2120"]
[PlyCount "40"]
[EventDate "1966.??.??"]
[EventType "simul"]
[EventRounds "9"]

1. e4 d6 2. d4 Nf6 3. Nc3 g6 4. g3 Bg7 5. Bg2 O-O 6. Nge2 e5 7. f3 c6 8. Be3 Nbd7 9. Qd2 d5 10. exd5 cxd5 11. O-O Re8 12. Rad1 exd4 13. Bxd4 Nb6 14. b3 Be6 15. a4 Rc8 16. f4 Bf5 17. Be5 Ne4 18. Bxe4 Bxe4 19. Bxg7 Kxg7 20. Nxe4 dxe4 1/2-1/2

[Event "HantsCh"]
[Site "?"]
[Date "1966.??.??"]
[Round "3"]
[White "Brameld, Arthur F"]
[Black "Pritchard, G."]
[Result "1-0"]
[WhiteElo "2030"]
[BlackElo "1805"]
[PlyCount "73"]
[EventDate "1966.??.??"]
[EventType "simul"]
[EventRounds "9"]

1. e4 e5 2. Nf3 Nc6 3. Nc3 Nf6 4. d4 exd4 5. Nd5 Be7 6. Bb5 a6 7. Bxc6 dxc6 8. Nxf6+ Bxf6 9. e5 Be7 10. Qxd4 Be6 11. Be3 Qxd4 12. Nxd4 Bd5 13. f3 O-O-O 14. O-O g6 15. Rfd1 c5 16. Ne2 b6 17. Nf4 Bc6 18. c4 Rxd1+ 19. Rxd1 Rd8 20. Nd5 Bf8 21. Bg5 Rd7 22. f4 Ba8 23. g4 Kb7 24. f5 c6 25. e6 Rd6 26. Nc3 fxe6 27. fxe6 Kc7 28. Bf4 Bb7 29. Ne4 Bc8 30. Bxd6+ Bxd6 31. Rxd6 b5 32. e7 Bd7 33. Re6 Bxe6 34. e8=Q Bxc4 35. Qe7+ Kb6 36. Qd8+ Ka7 37. Qc7+ 1-0

[Event "HantsCh"]
[Site "?"]
[Date "1966.??.??"]
[Round "4"]
[White "Vine, Leslie"]
[Black "Brameld, Arthur F"]
[Result "1/2-1/2"]
[WhiteElo "1880"]
[BlackElo "2030"]
[PlyCount "69"]
[EventDate "1966.??.??"]
[EventType "simul"]
[EventRounds "9"]

1. e4 c5 2. d4 cxd4 3. c3 dxc3 4. Nxc3 e6 5. Bc4 a6 6. Nge2 Nc6 7. O-O d6 8. a3 Be7 9. Be3 Nf6 10. h3 O-O 11. f4 b5 12. Ba2 Bb7 13. f5 exf5 14. exf5 Ne5 15. Nf4 Nc4 16. Bxc4 bxc4 17. Ncd5 Nxd5 18. Nxd5 Bg5 19. Bb6 Qd7 20. Qd4 Qc6 21. Rad1 Rfe8 22. Rf2 a5 23. Qg4 f6 24. h4 h5 25. Qg3 Re5 26. hxg5 Rxd5 27. Rxd5 Qxd5 28. gxf6 Qd1+ 29. Kh2 Qg4 30. Qxd6 Re8 31. f7+ Kxf7 32. Qg3 Qxg3+ 33. Kxg3 a4 34. Bd4 Re4 35. Bc3 1/2-1/2

[Event "HantsCh"]
[Site "?"]
[Date "1966.??.??"]
[Round "5"]
[White "Brameld, Arthur F"]
[Black "Edmonds, A."]
[Result "0-1"]
[WhiteElo "2030"]
[BlackElo "2120"]
[PlyCount "66"]
[EventDate "1966.??.??"]
[EventType "simul"]
[EventRounds "9"]

1. e4 c5 2. Nf3 Nc6 3. d4 cxd4 4. Nxd4 Nf6 5. Nc3 d6 6. Be2 g6 7. Be3 Bg7 8. f4 Bd7 9. O-O O-O 10. Kh1 Qc8 11. a4 Na5 12. Qd3 Nc6 13. Nxc6 Bxc6 14. Bf3 Nd7 15. Bd4 Nc5 16. Qe3 Bxd4 17. Qxd4 Ne6 18. Qd2 Ng7 19. g4 f5 20. gxf5 gxf5 21. Nd5 Qd7 22. Qd4 fxe4 23. Bxe4 e6 24. Nc3 Nf5 25. Rg1+ Kf7 26. Qd1 Ke7 27. Qf3 Kd8 28. Rad1 Kc7 29. Nb5+ Bxb5 30. axb5 Qxb5 31. Bxf5 Qxf5 32. Rg5 Qxg5 33. Rg1 Qd5 0-1

[Event "HantsCh"]
[Site "?"]
[Date "1966.??.??"]
[Round "6"]
[White "Jones, John H"]
[Black "Brameld, Arthur F"]
[Result "1-0"]
[WhiteElo "2045"]
[BlackElo "2030"]
[PlyCount "73"]
[EventDate "1966.??.??"]
[EventType "simul"]
[EventRounds "9"]

1. e4 c5 2. Nf3 a6 3. c4 Nc6 4. d4 cxd4 5. Nxd4 Nf6 6. Nc3 e5 7. Nc2 Bc5 8. Be2 d6 9. O-O Be6 10. Rb1 Rc8 11. Bg5 Nd4 12. Nxd4 Bxd4 13. Nd5 Bxd5 14. cxd5 O-O 15. Qb3 Rc7 16. Kh1 h6 17. Bxf6 Qxf6 18. f3 Rfc8 19. g3 g5 20. Bd3 Kh8 21. Qd1 Qg6 22. Qd2 Qh5 23. Kg2 Rg8 24. Rbc1 Re7 25. Rc2 f6 26. Rfc1 Qf7 27. g4 Kh7 28. Qa5 b6 29. Qxa6 h5 30. h3 Kg6 31. Rc8 Rxc8 32. Qxc8 Rd7 33. b3 Bc5 34. Bb5 Rc7 35. Qh8 Qh7 36. Be8+ Kh6 37. Qxf6+ 1-0

[Event "HantsCh"]
[Site "?"]
[Date "1966.??.??"]
[Round "8"]
[White "Brameld, Arthur F"]
[Black "Daw, G."]
[Result "1/2-1/2"]
[WhiteElo "2030"]
[BlackElo "1895"]
[PlyCount "59"]
[EventDate "1966.??.??"]
[EventType "simul"]
[EventRounds "9"]

1. e4 e6 2. d4 d5 3. Nc3 dxe4 4. Nxe4 Nd7 5. Nf3 Ngf6 6. Nxf6+ Nxf6 7. Bd3 c5 8. dxc5 Bxc5 9. Bg5 O-O 10. Qe2 Qa5+ 11. c3 Nd5 12. Ne5 Nxc3 13. Qh5 Ne4+ 14. Ke2 Nxg5 15. Qxg5 Bd4 16. Bxh7+ Kxh7 17. Qh4+ Kg8 18. Qxd4 Rd8 19. Qf4 f6 20. Nc4 Qa6 21. Rhd1 Bd7 22. Ke1 e5 23. Qh4 Be6 24. b3 Bxc4 25. Qxc4+ Qxc4 26. bxc4 Rxd1+ 27. Rxd1 Rc8 28. Rd7 Rxc4 29. Rxb7 Ra4 30. Rb2 1/2-1/2

[Event "HantsCh"]
[Site "?"]
[Date "1966.??.??"]
[Round "9"]
[White "Barton, Arthur"]
[Black "Brameld, Arthur F"]
[Result "0-1"]
[WhiteElo "1910"]
[BlackElo "2030"]
[PlyCount "94"]
[EventDate "1966.??.??"]
[EventType "simul"]
[EventRounds "9"]

1. e4 c5 2. Nf3 a6 3. a4 Nc6 4. d4 cxd4 5. Nxd4 Nf6 6. Nc3 e5 7. Nf3 Bc5 8. Bc4 d6 9. O-O Bg4 10. Be2 h6 11. Be3 Bxe3 12. fxe3 Be6 13. Qe1 Rc8 14. Nh4 Ne7 15. Nf5 Nxf5 16. exf5 Bc4 17. Nd1 Qb6 18. b3 Bd5 19. a5 Qc6 20. c4 Bxg2 21. Rf2 Be4 22. Nc3 Qc5 23. Bd1 d5 24. Na4 Qc6 25. Nb6 Rd8 26. b4 O-O 27. Ba4 Qc7 28. c5 d4 29. Bd1 Bc6 30. Nc4 Rfe8 31. Nd6 dxe3 32. Qxe3 Re7 33. Qg3 Rxd6 34. cxd6 Qxd6 35. Bf3 Qxb4 36. Bxc6 bxc6 37. Rff1 e4 38. Rab1 Qxa5 39. Rb8+ Kh7 40. Rc8 Qc5+ 41. Kh1 Re8 42. Rxe8 Nxe8 43. Qb8 Nf6 44. Rd1 Qxf5 45. Qb1 Qf3+ 46. Kg1 Ng4 47. Rf1 Qe2 0-1

[Event "HantsCh"]
[Site "?"]
[Date "1966.??.??"]
[Round "10"]
[White "Brameld, Arthur F"]
[Black "Thompson, Marshall"]
[Result "1/2-1/2"]
[WhiteElo "2030"]
[BlackElo "2110"]
[PlyCount "47"]
[EventDate "1966.??.??"]
[EventType "simul"]
[EventRounds "9"]

1. e4 c5 2. Nf3 Nc6 3. d4 cxd4 4. Nxd4 Nf6 5. Nc3 g6 6. Nxc6 dxc6 7. Qxd8+ Kxd8 8. Bc4 e6 9. Bf4 Nh5 10. O-O-O+ Bd7 11. Be5 Bg7 12. Bd6 Bf8 13. g4 Nf6 14. Be5 Bg7 15. Rd3 Ke7 16. Rhd1 Rhd8 17. Bd6+ Ke8 18. g5 Ng4 19. R3d2 Be5 20. f4 Bxd6 21. Rxd6 Ne3 22. Be2 Nxd1 23. Kxd1 Ke7 24. e5 1/2-1/2